|
|
|
|
| LEADER |
00000nab a2200000 a 4500 |
| 001 |
vtls000302345 |
| 003 |
SK-MaSNL |
| 005 |
20260303200132.0 |
| 008 |
230217c1987 xo 0 cze |
| 015 |
|
|
|a SNBRB19rr/mm-uuuuu
|
| 035 |
|
|
|a CL0312464
|
| 035 |
|
|
|a urn:nbn:sk:snk-aba4r0
|
| 035 |
|
|
|a (urnnbn)urn:nbn:sk:snk:ar-a09g59
|
| 035 |
|
|
|a (uuid)32ba9514-aec0-417b-b484-8c75d7d535a5
|
| 040 |
|
|
|a SNKBUCL
|b slo
|c SNKBUCL
|e AACR2
|
| 041 |
0 |
|
|a cze
|
| 044 |
|
|
|a xo
|c SK
|
| 080 |
|
|
|a 36.05
|2 1981
|
| 080 |
|
|
|a 331.82/.85
|2 1981
|
| 100 |
1 |
|
|a Přib, Jan,
|d 1950-
|4 aut
|9 6146
|
| 245 |
1 |
0 |
|a K novým sociálně ekonomickým opatřením
|c Jan Přib
|
| 650 |
0 |
7 |
|a sociálne zabezpečenie
|2 snkbucl
|9 3720
|
| 650 |
0 |
7 |
|a dôchodkové zabezpečenie
|2 snkbucl
|9 29237
|
| 650 |
0 |
7 |
|a Zabezpečenie nemocenské
|2 snkbucl
|9 972740
|
| 655 |
|
7 |
|a články z novín a časopisov
|2 snkbucl
|9 267496
|
| 773 |
0 |
|
|t Ekonomika práce
|g Č. 5 (1987), s. 26-32
|
| 850 |
|
|
|a Slovenská národná knižnica v Martine
|a MTA001
|
| 852 |
|
|
|a SNK
|b KIS3GCP
|
| 954 |
|
|
|a odborná, vedecká literatúra cudzojazyčná (svetová)
|2 lita
|
| 958 |
|
|
|a RK
|
| 958 |
|
|
|a OND
|
| 958 |
|
|
|a EUIPO
|
| 958 |
|
|
|a article13
|
| 992 |
|
|
|a RBX
|
| 999 |
|
|
|c 2166549
|d 2168479
|